000 00370 a2200157 4500
001 170054
020 _a
040 _cMagnum
100 _aCanton, Katia
240 1 0 _aBale dos skazkas: viajando pelos contos da russia
_lpor
245 1 0 _aBale dos skazkas: viajando pelos contos da russia
362 0 _a1899
440 1 _aRHJ
697 _aIJ/CONTOS
942 _cBK
999 _c170054
_d170054